Statistics for Stray Kids songs

Click here to take the quiz!

General Stats

  • This quiz has been taken 186 times
  • The average score is 122 of 168

Answer Stats

HintAnswer% Correct
ODDINARYMANIAC
100%
I am YOU | SKZ2021N/S
98%
GO LIVE | IN LIFEGod’s Menu
97%
Clé 1 : MirohMIROH
97%
ALL INALL IN
94%
MAXIDENTCASE143
94%
Christmas EvelChristmas Evel
94%
CIRCUSCIRCUS
94%
MAXIDENTCIRCUS - Korean Ver.
94%
NOEASYThunderous
94%
IN LIFEBack Door
92%
NOEASYRed Lights (Bang Chan, Hyunjin)
92%
GO LIVE | IN LIFETA
92%
I am WHOWHO?
92%
Christmas Evel24 to 25
91%
NOEASYCHEESE
91%
I am YOUI am YOU
91%
ODDINARYLonely St.
91%
NOEASYSorry, I Love You
91%
ODDINARYVENOM
91%
ODDINARYCharmer
89%
Clé : LevanterLevanter
89%
ScarsScars
89%
Mixtape
Hellevator
88%
SKZ2021For You
88%
NOEASYDOMINO
86%
I am YOUYOU.
86%
ODDINARYFREEZE
85%
NOEASYSecret Secret
85%
MAXIDENTTASTE (Lee Know, Hyunjin, Felix)
85%
MAXIDENTGive Me Your TMI
83%
I am NOTMirror
83%
F.HERO, MILLIMirror Mirror
83%
Mixtape : Time OutMixtape : Time Out
83%
I am WHOMy Pace
83%
IN LIFEMy universe (Seungmin, I.N)
83%
NOEASYSilent Cry
83%
MAXIDENTSUPER BOARD
83%
NOEASYSurfin' (Lee Know, Changbin, Felix)
83%
MAXIDENT3RACHA (Bang Chan, Changbin, Han)
82%
I am NOTDistrict 9
82%
SKZ-REPLAYMaknae on Top (I.N)
80%
NOEASYMixtape: OH
80%
ODDINARYMuddy Water (Changbin, Hyunjin, Han, Felix)
80%
I am YOU | SKZ2021My Side
80%
IN LIFEThe Tortoise and the Hare
80%
Christmas EvelWinter falls
80%
NOEASYWOLFGANG
80%
MAXIDENTCHILL
78%
SKZ-REPLAYDeep End (Felix)
78%
IN LIFEEx
78%
ALL INFAM
78%
SKZ-REPLAYFAM (Korean Ver.)
78%
SKZ-REPLAYLimbo (Lee Know)
78%
ODDINARYWaiting For Us (Bang Chan, Lee Know, Seungmin, I.N)
78%
IN LIFEWow (Lee Know, Hyunjin, Felix)
78%
IN LIFEAny
77%
SKZ-REPLAYDOODLE (Changbin)
77%
SKZ-REPLAYDrive (Bang Chan, Lee Know)
77%
GO LIVETOP - “Tower of God” OP
77%
CIRCUSYour Eyes
77%
IN LIFEB Me
75%
Clé 1 : MirohBoxer
75%
SKZ-REPLAYConnected (Bang Chan)
75%
GO LIVE | IN LIFEEasy
75%
NOEASYGone Away (Han, Seungmin, I.N)
75%
Clé 2 : Yellow WoodSide Effects
75%
Clé : LevanterAstronaut
74%
GO LIVE | IN LIFEBlueprint
74%
MAXIDENTCan’t Stop (Seungmin, I.N)
74%
I am NOTGrow up
74%
Clé 2 : Yellow WoodMixtape #1
74%
Clé 2 : Yellow WoodMixtape #2
74%
Clé 2 : Yellow WoodMixtape #3
74%
Clé 2 : Yellow WoodMixtape #4
74%
GO LIVESLUMP - “Tower of God” ED
74%
MixtapeSpread My Wings
74%
Clé 1 : MirohVictory Song
74%
Clé 1 : Miroh19
72%
NOEASYSSICK
72%
NOEASYStar Lost
72%
I am WHOAwkward silence
71%
MixtapeBEWARE/Grrr
71%
I am YOUGet Cool
71%
Alleso, CORSAKGoing Dumb
71%
SKZ-REPLAYice.cream (Hyunjin)
71%
I am WHO | SKZ2021Insomnia
71%
SKZ-REPLAY#LoveSTAY
71%
I am NOTNOT!
71%
NOEASYThe View
71%
GO LIVE | IN LIFEAirplane
69%
Clé 1 : MirohChronosaurus
69%
Clé : LevanterDouble Knot
69%
SKZ-REPLAYHug Me (I.N)
69%
Clé 1 : Miroh | SKZ2021Maze of Memories
69%
SKZ-REPLAYRUN (Han)
69%
MixtapeYAYAYA
69%
SKZ-REPLAYi hate to admit (Bang Chan)
68%
I am WHOQuestion
68%
MixtapeSchool Life
68%
IN LIFEWe Go (Bangchan, Changbin, Han)
68%
Clé : LevanterYou Can STAY
68%
SKZ20213rd Eye
66%
I am NOT3rd eye
66%
SKZ-REPLAYAlien (Han)
66%
GO LIVEGO LIVE
66%
SKZ2021Hoodie Season
66%
GO LIVE | IN LIFEPhobia
66%
I am YOU | SKZ20210325
65%
CIRCUSFairytale
65%
I am WHOM.I.A.
65%
GO LIVEMixtape : Gone days
65%
GO LIVEMixtape : On Track
65%
SKZ-REPLAYStreetlight (Changbin)
65%
Clé : LevanterSunshine
65%
I am WHOVoices
65%
MixtapeGlow
63%
SKZ-REPLAYHaPpY (Han)
63%
I am NOT | SKZ2021ROCK
63%
Clé : LevanterSTOP
63%
Clé 2 : Yellow WoodTMT
63%
SKZ-REPLAYZONE (Bang Chan, Changbin, Han)
63%
GO LIVE | IN LIFEHaven
62%
SKZ-REPLAYI GOT IT (Han)
62%
Mixtape4419
60%
I am NOT | SKZ2021Awaken
60%
SKZ-REPLAYBecause (Changbin, Felix)
60%
SKZ-REPLAYClose (Han)
60%
SKZ-REPLAYLove Untold (Hyunjin)
60%
GO LIVE | IN LIFEPacemaker
60%
SKZ-REPLAYmiss you (Hyunjin)
58%
GO LIVE | IN LIFEAnother Day
57%
I am YOUHero’s Soup
57%
Street Man FigherHEYDAY (3racha)
57%
Clé 2 : Yellow WoodRoad Not Taken
57%
SKZ-REPLAYUp all Night (Bang Chan, Changbin, Felix, Seungmin)
57%
Clé : LevanterBooster
55%
SKZ-REPLAYWish You Back (Han)
55%
ScarsCall
54%
SKZ2021Placebo
54%
Clé 1 : MirohEntrance
52%
Extraordinary youNeverending story
52%
SKZ2021Broken Compass
51%
POP OUT BOY!Hello Stranger
51%
ALL INOne Day
51%
SKZ2021Behind the Light
46%
Hometown Cha-Cha-ChaHere Always
46%
SKY-HIJUST BREATHE
40%
Love in ContactClose to You (Seungmin)
34%
SKZ2021Scars - Korean Ver.
34%
SKZ-REPLAYStars and Raindrops (Seungmin)
22%
SKZ-REPLAYPiece of Puzzle (Changbin, Seungmin)
20%

Score Distribution

Percentile by Number Answered

Percent of People with Each Score

Your Score History

You have not taken this quiz